Pályi András

Bibliographic Details
Main Author: Fehér, Katalin (Author)
Format: Book
Language:Hungarian
PhysicalDescription:243 s. fotogr. 18 cm
Published: Pozsony Kalligram 2011
ISBN:9788081014130
Edition:1. kiad.
Series:Tegnap és Ma
Subjects:

MARC

LEADER 00000cam a2200000 a 4500
001 vtls010276887
003 SK-MaSNL
005 20260301031730.0
008 240318s2011 xo o e 000 0bhun
015 |a SNBA2011/07-03993 
020 |a 9788081014130  |q (brož.) 
040 |a SNK  |b slo  |c SNK  |e AACR2 
041 0 |a hun 
043 |a e-hu--- 
044 |a xo  |c SK 
072 7 |a 821.511.1.09  |x Ugrofínske literatúry (o nich)  |2 konspekt 
072 7 |a 929  |x Biografie  |2 konspekt 
080 |a 821.511.141-051  |2 2001 
080 |a (092)  |2 2001 
080 |a 82-2-051  |2 2001 
080 |a (439)  |2 2001 
100 1 |a Fehér, Katalin  |4 aut  |9 327728 
245 1 0 |a Pályi András  |c Cs. Fehér Katalin 
250 |a 1. kiad. 
260 |a Pozsony  |b Kalligram  |c 2011 
300 |a 243 s.  |b fotogr.  |c 18 cm 
490 1 |a Tegnap és Ma 
500 |a Biogr. údaje 
500 |a Tir. aj slov. 
504 |a Bibliogr. s. 210-221. Pozn. 
600 1 7 |a Pályi, András,  |d 1942-  |2 SNKMA  |9 117035 
650 0 7 |a maďarskí spisovatelia  |2 SNKPH  |9 55632 
650 0 7 |a Hungarian authors  |2 SNKPHeng  |9 324221 
650 0 7 |a Dramatists  |2 SNKPHeng  |9 327729 
650 0 7 |a dramatici  |2 SNKPH  |9 85256 
651 7 |a Maďarsko  |2 SNKPH  |9 16754 
651 7 |a Hungary  |2 SNKPHeng  |9 265263 
655 7 |a biografie  |2 SNKPH  |9 27965 
655 7 |a Biography  |2 SNKPHeng  |9 266314 
752 |a Slovensko  |d Bratislava 
830 0 |a Tegnap és Ma  |9 276424 
852 |a Štátna vedecká knižnica v Banskej Bystrici 
919 |a 978-80-8101-413-0 
958 |a HU 
958 |a NM 
968 |d 821 
999 |c 577222  |d 579152 
952 |a SNK  |b SNK  |y PREZ  |7 0  |p 17A0703150  |o snkSD 80208  |i snk2011/11450  |8 0  |0 0  |1 0  |4 0  |d 2011-05-18  |l 0  |r 2025-11-27 00:00:00  |w 2026-02-23 
952 |a SNK  |b SNK  |y VYP  |7 0  |p 17A0703151  |o snkSD 80208 D1  |i snk2011/11451  |8 0  |0 0  |1 0  |4 0  |d 2011-05-18  |l 0  |r 2017-06-30 00:00:00  |w 2026-02-23